Noticia histórico-arquitectónica de los edificios del antiguo Hospital de la Santa Cruz y Casa de Convalecencia de San Pablo de la ciudad de Barcelona (1401-1928) / por Felío A. Vilarrubias
Descripción Física:
91 p. : il., [1] map. pleg. ; 22 cm
MARC
| LEADER | 00000nam a2200000Ia 4500 | ||
|---|---|---|---|
| 001 | 8004 | ||
| 008 | 160829s1969 xx 000 0 cat d | ||
| 080 | |a H-1-174 | ||
| 100 | 1 | |a Vilarrubias Solanes, Felio A. |9 50554 | |
| 245 | |a Noticia histórico-arquitectónica de los edificios del antiguo Hospital de la Santa Cruz y Casa de Convalecencia de San Pablo de la ciudad de Barcelona (1401-1928) / por Felío A. Vilarrubias | ||
| 260 | |a Barcelona : |b Diputación Provincial de Barcelona, Biblioteca Central, |c 1969 | ||
| 300 | |a 91 p. : |b il., [1] map. pleg. ; |c 22 cm | ||
| 590 | |a Notes, bibliografia, referències bibliogràfiques | ||
| 610 | 0 | |a Hospital de la Santa Creu i Sant Pau (Barcelona, Catalunya) |x Història |9 71783 | |
| 710 | 1 | |a Barcelona (Catalunya : Província). |b Diputació |9 52408 | |
| 710 | 2 | |a Biblioteca Central (Barcelona, Catalunya) |9 54533 | |
| 901 | |a Arxiu | ||
| 942 | |n 1 | ||
| 952 | |0 0 |1 0 |4 0 |6 H1174 |7 1 |9 43720 |a Arxiu |b Arxiu |d 2016-12-01 |l 0 |o H-1-174 |p 8004 |r 2016-12-01 00:00:00 |w 2016-12-01 |y ARXIU | ||
| 999 | |c 46268 |d 46268 | ||